A true book : (Record no. 8317)

MARC details
000 -LEADER
fixed length control field 00860nam a22002897a 4500
001 - CONTROL NUMBER
control field 8317
003 - CONTROL NUMBER IDENTIFIER
control field FISKH
005 - DATE AND TIME OF LATEST TRANSACTION
control field 20250909085133.0
008 - FIXED-LENGTH DATA ELEMENTS--GENERAL INFORMATION
fixed length control field 250909b cb ||||| |||| 00| 0 eng d
020 ## - INTERNATIONAL STANDARD BOOK NUMBER
International Standard Book Number 9780531147900
040 ## - CATALOGING SOURCE
Original cataloging agency FISKH
Language of cataloging eng
Transcribing agency FISKH
Modifying agency FISKH
050 ## - LIBRARY OF CONGRESS CALL NUMBER
Classification number QB641 .L364
082 ## - DEWEY DECIMAL CLASSIFICATION NUMBER
Classification number 523.43
100 ## - MAIN ENTRY--PERSONAL NAME
Personal name Landau, Elaine
Dates associated with a name (1948–2013)
245 ## - TITLE STATEMENT
Title A true book :
Remainder of title Mars /
Statement of responsibility, etc. Elaine Landau
250 ## - EDITION STATEMENT
Edition statement This edition first published in 2008
260 ## - PUBLICATION, DISTRIBUTION, ETC.
Place of publication, distribution, etc. New York :
Name of publisher, distributor, etc. Children,
Date of publication, distribution, etc. 2008
300 ## - PHYSICAL DESCRIPTION
Extent 48 pages :
Other physical details color illustrations ;
Dimensions 22 cm
505 ## - FORMATTED CONTENTS NOTE
Formatted contents note T<br/>
520 ## - SUMMARY, ETC.
Summary, etc. Uses photographs and other recent findings to describe the atmosphere and geographic features of Mars.<br/>
521 8# - TARGET AUDIENCE NOTE
Target audience note 790<br/>
Source Lexile<br/>
521 8# - TARGET AUDIENCE NOTE
Target audience note T<br/>
Source Raz-Plus<br/>
650 ## - SUBJECT ADDED ENTRY--TOPICAL TERM
Source of heading or term Mars
Topical term or geographic name entry element Planets
650 ## - SUBJECT ADDED ENTRY--TOPICAL TERM
Source of heading or term Science
Topical term or geographic name entry element Space
942 ## - ADDED ENTRY ELEMENTS (KOHA)
Source of classification or shelving scheme Dewey Decimal Classification
Koha item type Books
Suppress in OPAC No
Holdings
Withdrawn status Lost status Source of classification or shelving scheme Damaged status Not for loan Collection Home library Current library Shelving location Date acquired Total Checkouts Full call number Barcode Date last seen Copy number Price effective from Koha item type
    Dewey Decimal Classification     Non-Fiction Footprints International School Library Network Toul Tom Poung Campus Footprints International School Library Network Toul Tom Poung Campus TTP Secondary Non-Fiction Bookshelves 09/09/2025   LAN 523.43 QB641 .L364 FISTK05533 09/09/2025 1 09/09/2025 Books